Normal view
MARC view
Entry Topical Term
001 - CONTROL NUMBER
- control field: 13804
003 - CONTROL NUMBER IDENTIFIER
- control field: BD-RjUL
005 - DATE AND TIME OF LATEST TRANSACTION
- control field: 20241016145201.0
008 - FIXED-LENGTH DATA ELEMENTS
- fixed length control field: 241016|| aca||aabn | a|a d
040 ## - CATALOGING SOURCE
- Original cataloging agency: BD-RjUL
- Transcribing agency: BD-RjUL
150 ## - HEADING--TOPICAL TERM
- Topical term or geographic name entry element: Quotations
670 ## - SOURCE DATA FOUND
- Source citation: Work cat.: (BD-RjUL)84112: Cohen, J. M. (John Michael), 1903-1989. 13802, The Penguin dictionary of quotations /, c1960, [reprinted 1967]